[Event "BEL-ch U14 Girls"]
[Site "Blankenberge"]
[Date "2017.04.14"]
[Round "8"]
[White "De Putter, Nina"]
[Black "Dellaert, Ines"]
[Result "1-0"]
[WhiteElo "1429"]
[BlackElo "1412"]
[PlyCount "87"]
[EventDate "2017.04.09"]
[EventType "swiss"]
[EventRounds "9"]
[EventCountry "BEL"]
[SourceTitle "CBM 178 Extra"]
[Source "ChessBase"]
[SourceDate "2017.06.22"]
[SourceVersion "1"]
[SourceVersionDate "2017.06.22"]
[SourceQuality "1"]

1. e4 c5 2. Nf3 e6 3. d4 cxd4 4. Nxd4 Nf6 5. Nc3 Nc6 6. Be3 Bb4 7. f3 d5 8. Nxc6 bxc6 9. Bd2 0-0 10. Bd3 h6 11. exd5 cxd5 12. Qe2 Bb7 13. 0-0-0 Nd7 14. g4 Nc5 15. h4 Nxd3+ 16. Qxd3 Be7 17. g5 h5 18. Rhg1 g6 19. Ne2 Re8 20. Bc3 Bf8 21. f4 Bg7 22. Bxg7 Kxg7 23. Qd4+ Kg8 24. Nc3 Qd7 25. Ne4 Qc7 26. Nf6+ Kf8 27. Nxe8 Kxe8 28. Qh8+ Ke7 29. Qf6+ Kf8 30. Rge1 Qd7 31. Rd3 Re8 32. Rc3 Ba6 33. Qh8+ Ke7 34. Qe5 Rc8 35. Rxc8 Bxc8 36. f5 Qe8 37. Qxd5 Kf8 38. Qd6+ Kg8 39. f6 Qd7 40. Qxd7 Bxd7 41. Rd1 Be8 42. Rd8 Kf8 43. Ra8 a5 44. Rxa5 1-0

[Event "BEL-ch U10 Girls"]
[Site "Blankenberge"]
[Date "2014.04.16"]
[Round "5"]
[White "Vanderstappen, Louise"]
[Black "Dellaert, Ines"]
[Result "0-1"]
[WhiteElo "1068"]
[BlackElo "1083"]
[PlyCount "82"]
[EventDate "2014.04.13"]
[EventType "swiss"]
[EventRounds "9"]
[EventCountry "BEL"]
[SourceTitle "EXT 2022"]
[Source "ChessBase"]
[SourceDate "2021.10.06"]
[SourceVersion "1"]
[SourceVersionDate "2021.10.06"]
[SourceQuality "1"]

1. e4 e5 2. Nf3 Nc6 3. Nc3 Nf6 4. g3 Be7 5. Bg2 0-0 6. d3 d6 7. h3 Be6 8. 0-0 Qd7 9. Kh2 h6 10. Be3 d5 11. Re1 d4 12. Bd2 dxc3 13. Bxc3 Bd6 14. d4 Nxd4 15. Bxd4 exd4 16. e5 Bb4 17. c3 dxc3 18. exf6 Qxd1 19. Rexd1 cxb2 20. fxg7 Kxg7 21. Rab1 Bc3 22. Nd2 Bxa2 23. Bxb7 Rab8 24. Be4 Bxb1 25. Nxb1 Be5 26. f4 Bf6 27. h4 Rbd8 28. Rg1 Rfe8 29. Bc2 Re2+ 30. Rg2 Rde8 31. Kh1 Rxg2 32. Kxg2 Re2+ 33. Kf3 Rxc2 34. Ke3 Rc1 35. Na3 Be7 36. Kd3 Bxa3 37. Kd2 b1Q 38. Ke2 Rd1 39. Ke3 Qd3+ 40. Kf2 Rd2+ 41. Kg1 Qb1# 0-1